|
|
แสดงรายละเอียดบรรณานุกรม |
|
|
Brief Record
: Get Marc (ISO 2709)
: E-mail record
: |
|
|
| LEADER 00000nam 2200000uu 4500 | |||
| 008 140515s2008||||th 000 0 eng d | |||
| 020 ^a9780415439961 | |||
| 040 ^abcnkk | |||
| 041 0 ^aeng | |||
| 060 4 ^aWQ39^bT958c 2008 | |||
| 100 1 ^aTurrentine, John E | |||
| 245 10 ^aClinical protocols in obstetrics and gynecology /^cJohn E.Turrentine | |||
| 250 ^a3rd ed | |||
| 260 ^aLondon :^bInforma Healthcare,^cc2008 | |||
| 300 ^ax, 435 p. :^bill | |||
| 500 ^aPrevious ed.: Lancaster: Parthenon, 2003 | |||
| 650 2 ^aObstetrics^xmethods^vhandbooks | |||
| 650 2 ^aClinical protocols | |||
| 650 2 ^aGynecology^xmethods^vhandbooks | |||
| คุณยังไม่ได้ล็อกอิน คุณสามารถมีกิจกรรมร่วมกับเว็บไซต์ได้ แต่ต้องล็อกอินก่อน :: |
|
| สถานะ | |||||||||
| 1. | หนังสือทั่วไป | WQ39 T958c 2008 | On Shelf ขอยืม | ||||||
| Note:ปีงบประมาณ2557 | |||||||||
| [แสดง 1/1 รายการ] | |||||||||
| รายการใกล้เคียง หัวเรื่อง [Clinical protocols]
|
BibComment |
| คอมเมนท์ทรัพยากรรายการนี้ |
|
|